000 00746cam a22002653a 4500
001 6081
003 PGUSA
005 20140828083128.0
008 040701s2004||||xxu|||||s|||||000 p eng d
040 _aPGUSA
_beng
042 _adc
050 4 _aPR
100 1 _aColeridge, Samuel Taylor,
_d1772-1834
245 1 0 _aBiographia Literaria
_h[electronic resource] /
_cSamuel Taylor Coleridge
260 _bProject Gutenberg,
_c2004
506 _aPublic domain in the USA.
516 _aElectronic text
653 _aPoetry
653 _aAesthetics
653 _aCriticism
653 _aWordsworth, William, 1770-1850. Lyrical ballads
830 0 _aProject Gutenberg
_v6081
856 4 0 _uhttp://www.gutenberg.org/ebooks/6081
942 _cEB
999 _c235409
_d235409